Correlating Amniotic Fluid Index in the Progression of Pregnancy Induced Hypertension in Second Trimester Pregnancies : (Record no. 172832)

MARC details
000 -LEADER
fixed length control field 01323nam a22002777a 4500
003 - CONTROL NUMBER IDENTIFIER
control field NUST
005 - DATE AND TIME OF LATEST TRANSACTION
control field 20260507130049.0
008 - FIXED-LENGTH DATA ELEMENTS--GENERAL INFORMATION
fixed length control field 260507b |||||||| |||| 00| 0 eng d
040 ## - CATALOGING SOURCE
Original cataloging agency NUST
Language of cataloging eng
Transcribing agency NUST
Modifying agency NUST
Description conventions rda
050 ## - LIBRARY OF CONGRESS CALL NUMBER
Classification number RG575. TAK
100 ## - MAIN ENTRY--PERSONAL NAME
Personal name Takaidza Maria
Relator term author
245 ## - TITLE STATEMENT
Title Correlating Amniotic Fluid Index in the Progression of Pregnancy Induced Hypertension in Second Trimester Pregnancies :
Remainder of Title A Case for United Bulawayo Hospitals, Zimbabwe
Statement of responsibility Maria Takaidza
260 ## - PUBLICATION, DISTRIBUTION, ETC.
Place of publication, distribution, etc. Bulawayo :
Name of publisher, distributor, etc. National University of Science and Technology /
Date of publication, distribution, etc. 2021.
300 ## - PHYSICAL DESCRIPTION
Extent xiii, 54 pages :
Other physical details illustrations;
Dimensions 30 cm.
336 ## - CONTENT TYPE
Source rdacontent
Content type term text
Content type code txt
337 ## - MEDIA TYPE
Source rdamedia
Media type term unmediated
Media type code n
338 ## - CARRIER TYPE
Source rdacarrier
Carrier type term volume
Carrier type code nc
500 ## -
Typescript Dissertation submitted to National University of Science and Technology in partial fulfilment of the requirements for the Bachelor of Science degree in Radiography.
501 ## - STUDY LEVEL
-- Theses (BSc in Radiography) National University of Science and Technology, 2021.
504 ## - BIBLIOGRAPHY, ETC. NOTE
Bibliography, etc. note Includes bibliographical references.
650 ## - SUBJECT ADDED ENTRY--TOPICAL TERM
Topical term or geographic name entry element Pregnancy-induced hypertension
Geographic subdivision Zimbabwe
General subdivision Case studies
650 ## - SUBJECT ADDED ENTRY--TOPICAL TERM
Topical term or geographic name entry element Amniotic fluid
General subdivision Measurement
Geographic subdivision Zimbabwe
650 ## - SUBJECT ADDED ENTRY--TOPICAL TERM
Topical term or geographic name entry element Maternal health
Geographic subdivision Zimbabwe
700 ## - ADDED ENTRY--PERSONAL NAME
Personal name Rakata, B.
Relator term supervisor
942 ## - ADDED ENTRY ELEMENTS (KOHA)
Source of classification or shelving scheme Library of Congress Classification
Koha item type Reference Material
Classification part RG575. TAK
Call number prefix RG
Call number suffix TAK
Suppress in OPAC No
999 ## -
-- 172832
-- 172832
Holdings
Withdrawn status Lost status Source of classification or shelving scheme Damaged status Not for loan Collection Home library Current library Shelving location Date acquired Cost, normal purchase price Total Checkouts Full call number Barcode Date last seen Accession number Cost, replacement price Price effective from Koha item type
    LCC     NFIC Medical Medical REFERENCE 05/07/2026 5.00   RG575. TAK 92004056199 05/07/2026 SC24/1281 5.00 05/07/2026 BOOKS